|
|
|
|
| LEADER |
00688naa a2200193 i 4500 |
| 001 |
publ25786 |
| 005 |
20221214163310.0 |
| 008 |
221214s2020 hu o 0|| Angol d |
| 020 |
|
|
|a 9783706910927
|
| 024 |
7 |
|
|a 32009840
|2 mtmt
|
| 040 |
|
|
|a SZTE Publicatio Repozitórium
|b hun
|
| 041 |
|
|
|a Angol
|
| 100 |
1 |
|
|a Kerpics Judit
|
| 245 |
1 |
0 |
|a Fashion, Flowers, Morals
|h [elektronikus dokumentum] /
|c Kerpics Judit
|
| 260 |
|
|
|a Praesens Verlag
|b Wien
|c 2020
|
| 300 |
|
|
|a 187-203
|
| 490 |
0 |
|
|a Medien, Orte und Rituale : Social normativity in Júlia Jósika's journalistic works
|
| 650 |
|
4 |
|a Nyelvek és irodalom
|
| 856 |
4 |
0 |
|u http://publicatio.bibl.u-szeged.hu/25786/1/medien_orte_KJ.pdf
|z Dokumentum-elérés
|